000 00799nam a2200289Ia 4500
008 171120s9999 xx 000 0 und d
020 _a9.7816099284e+012
050 _a5.1
050 _bW141 2015
100 _aWainewright, Max
245 _aHow to code :
245 _ba step-by-step guide to computer coding /
245 _cby Max Wainewright.
260 _aNew York :
260 _bQEB Publishing,
260 _c2015
300 _a135 pages :
300 _bcolor illustrations ;
300 _c27cm.
500 _aIncludes glossary and index.
650 _aComputer programming --
650 _aComputer programming.
650 _aProgramming language (Electronic computers) --
650 _xJuvenile literature.
650 _xJuvenile literature.
700 _aTitle.
999 _c345205
_d345205